Spotlight on basic education completion and foundational learning : (Record no. 10230)

MARC details
000 -LEADER
fixed length control field 01457nam a22003377a 4500
003 - CONTROL NUMBER IDENTIFIER
control field OSt
005 - DATE AND TIME OF LATEST TRANSACTION
control field 20250509062952.0
008 - FIXED-LENGTH DATA ELEMENTS--GENERAL INFORMATION
fixed length control field 250505t2024 |||o||||o| || 00| ||eng dd
040 ## - CATALOGING SOURCE
Transcribing agency JMCFI - Learning Resource Center
082 ## - DEWEY DECIMAL CLASSIFICATION NUMBER
Classification number eBook/Ed. 372 Sa241 2024
100 ## - MAIN ENTRY--PERSONAL NAME
Personal name Sapire, Ingrid
9 (RLIN) 32523
245 ## - TITLE STATEMENT
Title Spotlight on basic education completion and foundational learning :
Remainder of title South Africa
Medium [electronic resource] /
Statement of responsibility, etc. Ingrid Sapire, Lindiwe Tshuma and Roelien Herholdt.
260 ## - PUBLICATION, DISTRIBUTION, ETC.
Place of publication, distribution, etc. Paris :
Name of publisher, distributor, etc. United Nations Educational, Scientific and Cultural Organization (UNESCO),
Date of publication, distribution, etc. 2024.
300 ## - PHYSICAL DESCRIPTION
Extent 1 online resource (56 pages : colored, illus.).
650 ## - SUBJECT ADDED ENTRY--TOPICAL TERM
Topical term or geographic name entry element Education.
9 (RLIN) 1549
650 ## - SUBJECT ADDED ENTRY--TOPICAL TERM
Topical term or geographic name entry element Basic education.
9 (RLIN) 24524
650 ## - SUBJECT ADDED ENTRY--TOPICAL TERM
Topical term or geographic name entry element Primary education.
9 (RLIN) 32452
650 ## - SUBJECT ADDED ENTRY--TOPICAL TERM
Topical term or geographic name entry element Educational quality.
9 (RLIN) 32281
650 ## - SUBJECT ADDED ENTRY--TOPICAL TERM
Topical term or geographic name entry element Learning.
9 (RLIN) 2819
650 ## - SUBJECT ADDED ENTRY--TOPICAL TERM
Topical term or geographic name entry element Academic achievement.
9 (RLIN) 6770
650 ## - SUBJECT ADDED ENTRY--TOPICAL TERM
Topical term or geographic name entry element South Africa.
9 (RLIN) 32274
650 ## - SUBJECT ADDED ENTRY--TOPICAL TERM
Topical term or geographic name entry element Education eBook.
9 (RLIN) 31666
650 ## - SUBJECT ADDED ENTRY--TOPICAL TERM
Topical term or geographic name entry element United Nations Educational, Scientific and Cultural Organization (UNESCO).
9 (RLIN) 29777
650 ## - SUBJECT ADDED ENTRY--TOPICAL TERM
Topical term or geographic name entry element eBook (Open access).
9 (RLIN) 30865
700 ## - ADDED ENTRY--PERSONAL NAME
Personal name Tshuma, Lindiwe
9 (RLIN) 32524
700 ## - ADDED ENTRY--PERSONAL NAME
Personal name Herholdt, Roelien
9 (RLIN) 32525
710 ## - ADDED ENTRY--CORPORATE NAME
Corporate name or jurisdiction name as entry element Global Education Monitoring Report Team
9 (RLIN) 31677
710 ## - ADDED ENTRY--CORPORATE NAME
Corporate name or jurisdiction name as entry element Association for the Development of Education in Africa
9 (RLIN) 32507
856 ## - ELECTRONIC LOCATION AND ACCESS
Uniform Resource Identifier <a href="https://unesdoc.unesco.org/ark:/48223/pf0000389034?posInSet=97&queryId=N-684d769b-9b1d-4b07-8cb0-9d81224d5b45">https://unesdoc.unesco.org/ark:/48223/pf0000389034?posInSet=97&queryId=N-684d769b-9b1d-4b07-8cb0-9d81224d5b45</a>
942 ## - ADDED ENTRY ELEMENTS (KOHA)
Source of classification or shelving scheme Dewey Decimal Classification
Koha item type eBook (Open Access)
Suppress in OPAC No
Holdings
Withdrawn status Lost status Source of classification or shelving scheme Damaged status Not for loan Home library Current library Date acquired Total Checkouts Call number Date last seen Uniform Resource Identifier Price effective from Koha item type
    Dewey Decimal Classification     LRC - Digital Library LRC - Digital Library 05/09/2025   eBook/Ed. 372 Sa241 2024 05/09/2025 https://unesdoc.unesco.org/ark:/48223/pf0000389034?posInSet=97&queryId=N-684d769b-9b1d-4b07-8cb0-9d81224d5b45 05/09/2025 eBook (Open Access)